• 首页
  • 本馆介绍
  • 公告通知
  • 最新文献
  • 馆藏检索
  • 电子资源
  • 读者导购
  • 参考咨询
  • 我的图书馆
  • 登录
  • 详细信息显示
  • 放入我的书架
  • 预约/预借图书
  • 作者相关作品
  • 分类相关作品
  • 丛书相关作品
  • 出版社相关作品

书目信息

  • 表格格式
  • 工作单格式
  • 卡片格式
书名: THE JOURNAL OF MODERN AFRICAN STUDIES
作者: EDITED BY DAVID KIMBLE.
分册号:
分册名:
出版地: LONDON :
 
出版社: CAMBRIDGE UNIVERSITY PRESS
出版时间: 1979.
页数: 709 p. ;
开本: 23cm.
丛书名:
中图分类号:
科图分类号:
其他分类号: D4
主题词:
电子资源:
000 00407nam 2200133 a 4500
001 E0740977002
005 20070811112732.06
008 070811s1979 00010 eng
040    @aPFT@beng
090    @aD4
099    @dD4@ex41:1979(17/1-4)
245 1  @aTHE JOURNAL OF MODERN AFRICAN STUDIES.@n1979.@n17.@n1-4 / @cEDITED BY DAVID KIMBLE.
260    @aLONDON :@bCAMBRIDGE UNIVERSITY PRESS,@c1979.
300    @a709 p. ;@c23cm.
    
    THE JOURNAL OF MODERN AFRICAN STUDIES.. 1979.. 17.. 1-4 / / EDITED BY DAVID KIMBLE.-LONDON : : CAMBRIDGE UNIVERSITY PRESS, , 1979.
    709 p. ; ; 23cm.
    
    
    ISBN
    
●
相关链接 在E读中查询图书 在五车中查询图书 在当当中查询图书 在豆瓣中查询图书


正题名:THE JOURNAL OF MODERN AFRICAN STUDIES     索取号:D4/x41:1979(17/1-4)         预约/预借

序号 登录号 条形码 馆藏地/架位号 状态 备注
1 0015507   300155070   密集书库/ [索取号:D4/x41:1979(17/1-4)] 在馆    
唐山师范学院图书馆 欢迎您!
大连网信软件有限公司© 版权所有